000 00448nam a2200181Ia 4500
001 16579
005 20260306170320.0
008 260306t2016||||xx |||||||||||||| ||und||
041 _aESP
082 _a348.7
_bT77
100 _aTovalino Castro, Fiorella
_eAUT
245 0 _aGratificaciones:
_benfoque tributario y laboral
260 _c2016
300 _a48 páginas :
_c24 cm.
650 _aGEN
654 _aCDE
942 _cLIB
_dJUS
_fJUS
_2ddc
_n
999 _c16579
_d16579